F.C. Barcelona Squad Champions League 2024/2025 - Statistics

General Stats
  • This quiz has been taken 188 times
  • The average score is 19 of 24
Answer Stats
Picture Answer % Correct
Jules Koundé
95%
Alejandro Balde
93%
Pau Cubarsí
93%
Ronald Araújo
93%
Frenkie de Jong
91%
Lamine Yamal
91%
Pedri
91%
Dani Olmo
89%
Raphinha
89%
Robert Lewandowski
89%
Iñaki Peña
88%
Iñigo Martínez
88%
Andreas Christensen
86%
Ferran Torres
86%
Gavi
86%
Ansu Fati
84%
Eric García
82%
Wojciech Szczęsny
78%
Fermín López
77%
Marc Casadó
73%
Gerard Martín
64%
Pablo Torre
61%
Pau Víctor
55%
Noah Darvich
22%
No matching quizzes found
Score Distribution
Percent of People with Each Score
Percentile by Number Answered
Your Score History
You have not taken this quiz